| 000 | 00622nam a2200169Ia 4500 | ||
|---|---|---|---|
| 008 | 090124s9999 xx 000 0 und d | ||
| 082 |
_b6264 _a668 |
||
| 100 | _aमेहता बाळुभाई | ||
| 245 | _a राष्ट्रसंवर्धक कार्यक्रम | ||
| 250 | _a1 | ||
| 260 | _c1942 | ||
| 600 | _aमेहता बाळुभाई | ||
| 630 | _a राष्ट्रसंवर्धक कार्यक्रम | ||
| 700 | _aमेहता बाळुभाई | ||
| 730 | _a राष्ट्रसंवर्धक कार्यक्रम | ||
| 942 | _cBOOK | ||
| 999 |
_c120205 _d120205 |
||